000 00374 a2200157 4500
001 186092
020 _a0-435-27323-X
040 _cMagnum
100 _aIngram, Anne
240 1 0 _aThe land of morning calm and other stories
_lING
245 1 0 _aThe land of morning calm and other stories
300 _a
362 0 _a2000
697 _aLITERATURA INGLESA
942 _cBK
999 _c186092
_d186092